[Event "POL-ch U17 Qual"]
[Site "Jastrzebia Gora"]
[Date "2021.11.21"]
[Round "9"]
[White "Przybysz, Krzysztof"]
[Black "Mazonik, Oliwier"]
[Result "1/2-1/2"]
[WhiteElo "1133"]
[BlackElo "1432"]
[PlyCount "81"]
[EventDate "2021.11.15"]
[EventType "swiss"]
[EventRounds "9"]
[EventCountry "POL"]
[SourceTitle "EXT 2023"]
[Source "ChessBase"]
[SourceDate "2022.10.05"]
[SourceVersion "1"]
[SourceVersionDate "2022.10.05"]
[SourceQuality "1"]

1. e4 e5 2. Nf3 Nf6 3. Nxe5 d6 4. Nf3 Nxe4 5. Nc3 Nf6 6. d4 Bg4 7. h3 Bh5 8. Be3 Nbd7 9. g4 Bg6 10. Bd3 Bxd3 11. Qxd3 Be7 12. 0-0-0 c6 13. Rde1 0-0 14. Ng5 Re8 15. f4 b5 16. Nce4 d5 17. Nf2 a5 18. Nf3 b4 19. Ne5 Nxe5 20. fxe5 Nd7 21. c4 Nb6 22. c5 Nc4 23. Nd1 a4 24. Rhf1 a3 25. b3 Nb2 26. Nxb2 axb2+ 27. Kxb2 Bg5 28. Qf5 Qa5 29. Qb1 Qa3+ 30. Ka1 Bxe3 31. Rxe3 Re7 32. Qb2 Qa6 33. Qe2 Qc8 34. Qf2 Ra3 35. Rfe1 Rea7 36. R1e2 Qe6 37. Rd3 Qh6 38. Qe3 Qh4 39. Qg3 Qg5 40. Qe3 Qh4 41. Qg3 1/2-1/2

[Event "POL-ch U17 Qual"]
[Site "Jastrzebia Gora"]
[Date "2021.11.19"]
[Round "7"]
[White "Trela, Konrad"]
[Black "Przybysz, Krzysztof"]
[Result "1-0"]
[WhiteElo "1453"]
[BlackElo "1133"]
[PlyCount "81"]
[EventDate "2021.11.15"]
[EventType "swiss"]
[EventRounds "9"]
[EventCountry "POL"]
[SourceTitle "EXT 2023"]
[Source "ChessBase"]
[SourceDate "2022.10.05"]
[SourceVersion "1"]
[SourceVersionDate "2022.10.05"]
[SourceQuality "1"]

1. e4 c5 2. Nf3 g6 3. d4 cxd4 4. Nxd4 Nc6 5. Ne2 Nf6 6. Nbc3 Bg7 7. g3 0-0 8. Bg2 d6 9. h3 Bd7 10. 0-0 Rc8 11. Be3 Qa5 12. f4 Ne8 13. g4 Be6 14. Nd4 Bc4 15. Rf2 Nxd4 16. Bxd4 e5 17. fxe5 dxe5 18. Be3 Nc7 19. Qf3 Rcd8 20. Bf1 Be6 21. a3 Ne8 22. b4 Qc7 23. Nb5 Qd7 24. Bc5 a6 25. Bxf8 Bxf8 26. Nc3 Qe7 27. Rd1 Rc8 28. Nd5 Bxd5 29. exd5 f6 30. c4 a5 31. c5 axb4 32. axb4 b6 33. Bc4 Kg7 34. d6 Qd7 35. Qd5 bxc5 36. Qg8+ Kh6 37. Qxf8+ Ng7 38. Qxf6 cxb4 39. g5+ Kh5 40. Be2+ Kh4 41. Rd4+ 1-0